| 000 | 00760cam a22002533a 4500 | ||
|---|---|---|---|
| 001 | 37890 | ||
| 003 | PGUSA | ||
| 005 | 20140828083831.0 | ||
| 008 | 111031s2011||||xxu|||||s|||||000 | eng d | ||
| 040 |
_aPGUSA _beng |
||
| 042 | _adc | ||
| 050 | 4 | _aE456 | |
| 100 | 1 |
_aReed, John C. _q(John Calvin), _d1836-1910 |
|
| 245 | 1 | 4 |
_aThe Brothers' War _h[electronic resource] / _cJohn C. Reed |
| 260 |
_bProject Gutenberg, _c2011 |
||
| 506 | _aPublic domain in the USA. | ||
| 516 | _aElectronic text | ||
| 653 | _aSlavery -- United States | ||
| 653 | _aUnited States -- Race relations | ||
| 653 | _aUnited States -- Politics and government -- 1861-1865 | ||
| 830 | 0 |
_aProject Gutenberg _v37890 |
|
| 856 | 4 | 0 | _uhttp://www.gutenberg.org/ebooks/37890 |
| 942 | _cEB | ||
| 999 |
_c267144 _d267144 |
||